000 00789nam a2200217 i 4500
001 85854
003 ES-MaACL
005 20250902221354.0
007 t|
008 041202s1959 sp ||||1| spa d
100 1 _aKèarcher, Gustav.
_9128504
245 1 0 _aPráctica de las construcciones de hormigón en masa y armado /
_cpor Gustav Kèarcher y Helmut Kaden ; traducción por D.R. Dublang.
260 _aBarcelona, etc. :
_bLabor,
_c1959 (
_fTall. Ibero-Americanos)
300 _aVIII, 180 p. :
_bil. ;
_c29 cm.
650 7 _aEstructuras de hormigón
_2embne
_911296
650 7 _aEstructuras de hormigón armado
_2embne
_9164177
700 1 _aKaden, Helmut E.
_967387
700 1 _aDublang, D. R.
_945755
852 _aES-MaACL
_jC-2549
_bR.44746
999 _c85854
_d85854